Cheval - Mythologies et Légendes - Statistiques

Statistiques générales
  • Ce quiz a été pris 282 fois
  • Le résultat moyen est 5 sur 8
Statistiques - réponses
Indice Mythologie Réponse % Correct
Quadrupède au buste d'homme, mi-humain mi-cheval, dont le plus célèbre représentant est Chiron Grecque Centaure
98%
Cheval ailé né du sang de la gorgone Méduse Grecque Pégase
98%
Évènement décisif mis en place par Ulysse dans l'Iliade afin de renverser le cours de la guerre s'y déroulant Grecque Cheval de Troie
93%
Cheval généralement blanc monté d'une corne, symbolisant la pureté et la grâce multiple Licorne
89%
Enfant d'une jument et d'un griffon popularisé par Harry Potter et le personnage de Buck Carolingienne Hippogriffe
55%
Déesse-jument, elle est la monture de Link dans les jeux vidéo Zelda Gauloise Épona
36%
Monture d'Odin aux huit pattes, capable de se déplacer dans les airs et sur la mer Nordique Sleipnir
21%
Cheval ondin métamorphe habitant les rivières ou les lochs Écossaise Kelpie
14%
Aucun quiz correspondant
Distribution des résultats
% des personnes avec chaque résultat
Percentile par nombre de réponses
Votre historique - résultats
Vous n’avez pas pris ce quiz